[Event "82° Final Argentina Superior"]
[Site "Mendoza"]
[Date "2008.05.20"]
[Round "1"]
[White "Flores, Diego"]
[Black "Lemos, Damian"]
[Result "0-1"]
[WhiteElo "2548"]
[BlackElo "2458"]
[PlyCount "140"]
[EventDate "2008.05.20"]
[SourceDate "2008.05.20"]

1. c4 g6 2. Nc3 Bg7 3. g3 Nf6 4. Bg2 O-O 5. d4 d6 6. e4 e5 7. d5 Na6 8. Nge2 c6
9. O-O cxd5 10. cxd5 Bd7 11. h3 b5 12. a3 Ne8 13. Be3 f5 14. exf5 gxf5 15. f4
Rc8 16. Kh2 Nc5 17. Rc1 e4 18. Rc2 a5 19. Nd4 Bxd4 20. Qxd4 Nd3 21. Rd2 Rc4 22.
Qa7 Qc7 23. Ra1 Qxa7 24. Bxa7 Nf6 25. Bb6 Ra8 26. Bf1 b4 27. axb4 Rxb4 28. Rxa5
Rb8 29. Be3 Rxb2 30. Ra2 Rxd2+ 31. Rxd2 Ne1 32. Be2 Nf3+ 33. Bxf3 exf3 34. Bd4
Ne4 35. Rd3 Rb2+ 36. Kg1 Rg2+ 37. Kf1 Rxg3 38. Re3 Nd2+ 39. Ke1 Rg1+ 40. Kxd2
f2 41. Re8+ Bxe8 42. Bxf2 Rh1 43. h4 Bf7 44. Nb5 Bxd5 45. Nxd6 Be6 46. Nb5 Rh2
47. Ke3 Rh3+ 48. Kd4 Rf3 49. Be3 Rg3 50. Bf2 Rg2 51. Be3 Bd7 52. Nd6 Rh2 53.
Ke5 Rxh4 54. Kf6 Rh6+ 55. Ke7 Re6+ 56. Kxd7 Rxe3 57. Nxf5 Re4 58. Ng3 Rxf4 59.
Ke6 Ra4 60. Kf6 Ra6+ 61. Kf5 Kf7 62. Ne4 Ra5+ 63. Kf4 Kg6 64. Nd2 Ra4+ 65. Kg3
Kf5 66. Nf3 Ra3 67. Kg2 Kf4 68. Nd4 Rd3 69. Ne2+ Kg4 70. Ng1 Rd2+ 0-1

[Event "82° Final Argentina Superior"]
[Site "Mendoza"]
[Date "2008.05.20"]
[Round "1"]
[White "Valerga, Diego"]
[Black "Real De Azua, Ernesto"]
[Result "1/2-1/2"]
[WhiteElo "2482"]
[BlackElo "2417"]
[PlyCount "67"]
[EventDate "2008.05.20"]
[SourceDate "2008.05.20"]

1. e4 c5 2. Nf3 d6 3. d4 cxd4 4. Nxd4 Nf6 5. Nc3 Nc6 6. Bc4 Qb6 7. Nb3 e6 8.
Bf4 Ne5 9. Be2 a6 10. a4 Bd7 11. O-O Bc6 12. Be3 Qc7 13. f4 Ned7 14. Bf3 e5 15.
f5 h5 16. Qe2 b6 17. Nd2 Bb7 18. Qc4 Rc8 19. Qxc7 Rxc7 20. Rfc1 Ng4 21. Bxg4
hxg4 22. Nd5 Bxd5 23. exd5 g6 24. fxg6 f5 25. a5 bxa5 26. Rxa5 f4 27. Bf2 Bh6
28. Rxa6 O-O 29. Rc6 Rfc8 30. Rxd6 g3 31. hxg3 fxg3 32. Bxg3 Bxd2 33. Rf1 Bb4
34. Re6 1/2-1/2

[Event "82° Final Argentina Superior"]
[Site "Mendoza"]
[Date "2008.05.20"]
[Round "1"]
[White "Mahia, Gustavo"]
[Black "Salguero, Francisco"]
[Result "1-0"]
[WhiteElo "2433"]
[BlackElo "2320"]
[PlyCount "99"]
[EventDate "2008.05.20"]
[SourceDate "2008.05.20"]

1. e4 c5 2. Nc3 Nc6 3. Nf3 e6 4. d4 cxd4 5. Nxd4 Nf6 6. Nxc6 bxc6 7. e5 Nd5 8.
Ne4 Qa5+ 9. c3 Ba6 10. Bxa6 Qxa6 11. b3 f5 12. exf6 Nxf6 13. Nxf6+ gxf6 14.
Qh5+ Kd8 15. Qf3 Be7 16. Bb2 Kc8 17. c4 Qa5+ 18. Ke2 Rg8 19. Rhd1 Qg5 20. Kf1
Qg4 21. Rd3 Qxf3 22. Rxf3 Rg6 23. Rh3 h6 24. Rd1 Kc7 25. Bc1 Rh8 26. Bf4+ e5
27. Be3 d6 28. Rh5 a6 29. h3 Kd7 30. g4 Ke6 31. f4 Rgg8 32. Kf2 Rc8 33. Kg3 Bf8
34. Kf3 Bg7 35. Ke4 Rb8 36. Bc1 d5+ 37. Kd3 Rbd8 38. Kc3 d4+ 39. Kd3 c5 40. Re1
Kd6 41. Rf1 Rd7 42. Bd2 Kc6 43. Ke4 a5 44. Rf3 Ra7 45. fxe5 fxe5 46. Bxh6 Bxh6
47. Rf6+ Kb7 48. Rhxh6 Raa8 49. Rf7+ Kb8 50. Rxh8# 1-0

[Event "82° Final Argentina Superior"]
[Site "Mendoza"]
[Date "2008.05.20"]
[Round "1"]
[White "Peralta, Fernando"]
[Black "Liascovich, Lucas"]
[Result "1-0"]
[WhiteElo "2546"]
[BlackElo "2419"]
[PlyCount "55"]
[EventDate "2008.05.20"]
[SourceDate "2008.05.20"]

1. d4 Nf6 2. c4 g6 3. Nc3 d5 4. cxd5 Nxd5 5. e4 Nxc3 6. bxc3 Bg7 7. Bc4 c5 8.
Ne2 Nc6 9. Be3 O-O 10. O-O Bd7 11. Rb1 Qc7 12. Bf4 e5 13. Bg3 Rad8 14. Bd5 Kh8
15. dxe5 Bxe5 16. Rxb7 Qxb7 17. Bxe5+ f6 18. Bd6 Rfe8 19. Bxc5 Qb5 20. Be3 Bg4
21. c4 Rxd5 22. exd5 Qxc4 23. dxc6 Qxe2 24. Qd4 Re5 25. h3 Be6 26. Bf4 Rf5 27.
Qd8+ Kg7 28. Qe7+ 1-0

[Event "82° Final Argentina Superior"]
[Site "Mendoza"]
[Date "2008.05.20"]
[Round "1"]
[White "Luconi, Cristian"]
[Black "Alonso, Salvador"]
[Result "0-1"]
[WhiteElo "2306"]
[BlackElo "2420"]
[PlyCount "56"]
[EventDate "2008.05.20"]
[SourceDate "2008.05.20"]

1. d4 d5 2. Nf3 Nf6 3. Bf4 c5 4. e3 Nc6 5. c3 Qb6 6. Qc2 Bg4 7. Nbd2 e6 8. h3
Bf5 9. Qb3 c4 10. Qxb6 axb6 11. a3 b5 12. Rc1 h6 13. Be2 Nd7 14. O-O Nb6 15.
Bd1 Na4 16. Bxa4 bxa4 17. Rfe1 Bd3 18. e4 Kd7 19. exd5 exd5 20. Nf1 f6 21. Rcd1
g5 22. Bc1 Bd6 23. Ne3 Ne7 24. g3 Raf8 25. Ng2 Ng6 26. Nh2 h5 27. Nf1 Rhg8 28.
Be3 Bf5 0-1

[Event "82° Final Argentina Superior"]
[Site "Mendoza"]
[Date "2008.05.20"]
[Round "1"]
[White "Felgaer, Ruben"]
[Black "Ricardi, Pablo"]
[Result "1/2-1/2"]
[WhiteElo "2574"]
[BlackElo "2515"]
[PlyCount "24"]
[EventDate "2008.05.20"]
[SourceDate "2008.05.20"]

1. e4 c5 2. Nf3 d6 3. d4 cxd4 4. Nxd4 Nf6 5. Nc3 a6 6. g3 e5 7. Nb3 Be7 8. a4
Nc6 9. Bg2 Nb4 10. O-O Bg4 11. Qd2 Rc8 12. a5 Be6 1/2-1/2

[Event "82° Final Argentina Superior"]
[Site "Mendoza"]
[Date "2008.05.21"]
[Round "2"]
[White "Lemos, Damian"]
[Black "Ricardi, Pablo"]
[Result "1/2-1/2"]
[WhiteElo "2458"]
[BlackElo "2515"]
[PlyCount "35"]
[EventDate "2008.05.20"]
[SourceDate "2008.05.20"]

1. d4 Nf6 2. c4 e6 3. Nf3 d5 4. Nc3 Be7 5. Bg5 O-O 6. e3 Nbd7 7. Bd3 dxc4 8.
Bxc4 a6 9. a4 c5 10. O-O b6 11. Qe2 Bb7 12. Rfd1 Qe8 13. Rac1 Ra7 14. e4 cxd4
15. Nxd4 Nc5 16. e5 Nd5 17. Bxe7 Nxc3 18. Rxc3 1/2-1/2

[Event "82° Final Argentina Superior"]
[Site "Mendoza"]
[Date "2008.05.21"]
[Round "2"]
[White "Alonso, Salvador"]
[Black "Felgaer, Ruben"]
[Result "1/2-1/2"]
[WhiteElo "2420"]
[BlackElo "2574"]
[PlyCount "42"]
[EventDate "2008.05.20"]
[SourceDate "2008.05.20"]

1. e4 c5 2. Nf3 Nc6 3. d4 cxd4 4. Nxd4 Nf6 5. Nc3 e5 6. Ndb5 d6 7. Bg5 a6 8.
Na3 b5 9. Nd5 Be7 10. Bxf6 Bxf6 11. c4 b4 12. Nc2 O-O 13. g3 Rb8 14. b3 Bg5 15.
Bg2 Kh8 16. O-O f5 17. exf5 Bxf5 18. Nde3 Bxe3 19. Nxe3 Nd4 20. Nxf5 Rxf5 21.
Qd3 Qb6 1/2-1/2

[Event "82° Final Argentina Superior"]
[Site "Mendoza"]
[Date "2008.05.21"]
[Round "2"]
[White "Liascovich, Lucas"]
[Black "Luconi, Cristian"]
[Result "1-0"]
[WhiteElo "2419"]
[BlackElo "2306"]
[PlyCount "81"]
[EventDate "2008.05.20"]
[SourceDate "2008.05.20"]

1. d4 d5 2. c4 e6 3. Nc3 Nf6 4. Bg5 c6 5. e3 Nbd7 6. Nf3 Qa5 7. Nd2 dxc4 8.
Bxf6 Nxf6 9. Nxc4 Qd8 10. g3 Be7 11. Bg2 h5 12. h3 Nd5 13. O-O Nb6 14. Ne5 Nd7
15. f4 Nxe5 16. fxe5 h4 17. Qg4 g6 18. Ne4 hxg3 19. Qxg3 Rh5 20. Nf6+ Bxf6 21.
Rxf6 Rf5 22. Rf1 Bd7 23. R1xf5 exf5 24. d5 Qe7 25. dxc6 bxc6 26. Rxc6 Rc8 27.
Rxc8+ Bxc8 28. Qf4 Qc5 29. Qd4 Qc1+ 30. Kh2 Bd7 31. b3 Qa3 32. Bd5 Qxa2+ 33.
Kg3 Qa5 34. Bxf7+ Kxf7 35. Qxd7+ Kf8 36. Kf4 Qc3 37. Qxa7 Qxb3 38. Kg5 Qd5 39.
Qb8+ Kf7 40. Qc7+ Kg8 41. Kf6 1-0

[Event "82° Final Argentina Superior"]
[Site "Mendoza"]
[Date "2008.05.21"]
[Round "2"]
[White "Salguero, Francisco"]
[Black "Peralta, Fernando"]
[Result "1-0"]
[WhiteElo "2320"]
[BlackElo "2546"]
[PlyCount "103"]
[EventDate "2008.05.20"]
[SourceDate "2008.05.20"]

1. Nf3 d5 2. g3 Nf6 3. Bg2 c6 4. O-O Bf5 5. d3 e6 6. Nbd2 Be7 7. Qe1 h6 8. e4
Bh7 9. Qe2 O-O 10. e5 Nfd7 11. Re1 c5 12. Nf1 Nc6 13. h4 b5 14. N1h2 c4 15. Rd1
cxd3 16. cxd3 Qc7 17. Bf4 Rfc8 18. Ng4 Bf8 19. Ne3 Qb6 20. Rac1 Nc5 21. Ne1 Nd4
22. Qg4 Bf5 23. Nxf5 exf5 24. Qh3 Ne2+ 25. Kf1 Nxc1 26. Bxd5 Nxa2 27. Qxf5 Ne6
28. Bxa2 Qc6 29. d4 Qh1+ 30. Ke2 g6 31. Qd3 Qh3 32. Qf3 Qf5 33. Bb1 Nxf4+ 34.
gxf4 Qe6 35. d5 Qb6 36. h5 Rc4 37. hxg6 fxg6 38. d6 Rd8 39. Ba2 Kh7 40. Qd5 Bg7
41. Bxc4 bxc4 42. Qxc4 Qxb2+ 43. Rd2 Qb6 44. Nf3 Qb7 45. Qd5 Qa6+ 46. Qd3 Qb6
47. Rc2 Qa5 48. Rc4 Qa2+ 49. Kf1 Kh8 50. Kg2 Qa6 51. Qd5 Qa2 52. e6 1-0

[Event "82° Final Argentina Superior"]
[Site "Mendoza"]
[Date "2008.05.21"]
[Round "2"]
[White "Real De Azua, Ernesto"]
[Black "Mahia, Gustavo"]
[Result "1-0"]
[WhiteElo "2417"]
[BlackElo "2433"]
[PlyCount "95"]
[EventDate "2008.05.20"]
[SourceDate "2008.05.20"]

1. e4 e6 2. d4 d5 3. Nd2 c5 4. exd5 Qxd5 5. Ngf3 cxd4 6. Bc4 Qd6 7. O-O Nc6 8.
Nb3 Nf6 9. Nbxd4 Nxd4 10. Nxd4 a6 11. Bb3 Qc7 12. Qf3 Bd6 13. h3 O-O 14. Bg5
Nd7 15. c3 Ne5 16. Qh5 h6 17. Bc2 f5 18. Bf4 Nc4 19. Bxd6 Qxd6 20. Rfe1 b5 21.
Rad1 Qb6 22. Bb3 Kh8 23. Qe2 e5 24. Bxc4 exd4 25. Qe7 Bb7 26. Re6 Qd8 27. Bb3
Bc8 28. Rxd4 Qxe7 29. Rxe7 f4 30. f3 a5 31. Ree4 g5 32. Rd6 Ra6 33. Rxa6 Bxa6
34. Re6 Ra8 35. Rxh6+ Kg7 36. Rd6 Ra7 37. Bc2 b4 38. Rg6+ Kf7 39. Rxg5 bxc3 40.
bxc3 Bc4 41. Bb3 Kf6 42. Rc5 Bd3 43. Rd5 Bf5 44. Rd4 Ke5 45. Rd5+ Kf6 46. Rd4
Ke5 47. Kh2 Rc7 48. Rd5+ 1-0

[Event "82° Final Argentina Superior"]
[Site "Mendoza"]
[Date "2008.05.21"]
[Round "2"]
[White "Flores, Diego"]
[Black "Valerga, Diego"]
[Result "1/2-1/2"]
[WhiteElo "2548"]
[BlackElo "2482"]
[PlyCount "50"]
[EventDate "2008.05.20"]
[SourceDate "2008.05.20"]

1. d4 Nf6 2. c4 g6 3. Nc3 d5 4. Bg5 Ne4 5. Bh4 Nxc3 6. bxc3 dxc4 7. e3 Be6 8.
Rb1 b6 9. Nf3 Bg7 10. Ng5 Bd5 11. e4 h6 12. exd5 hxg5 13. Qa4+ Kf8 14. Bg3 Qxd5
15. f3 Qd7 16. Qxc4 Nc6 17. Qa4 Qe6+ 18. Kf2 Na5 19. Re1 Qd5 20. Bd3 Rd8 21.
Bxc7 Qd7 22. Qxd7 Rxd7 23. Bg3 Bf6 24. Ba6 Kg7 25. Ke2 e6 1/2-1/2

[Event "82° Final Argentina Superior"]
[Site "Mendoza"]
[Date "2008.05.22"]
[Round "3"]
[White "Valerga, Diego"]
[Black "Lemos, Damian"]
[Result "1-0"]
[WhiteElo "2482"]
[BlackElo "2458"]
[PlyCount "79"]
[EventDate "2008.05.20"]
[SourceDate "2008.05.20"]

1. e4 e6 2. d4 d5 3. Nc3 Nf6 4. Bg5 Bb4 5. Nge2 dxe4 6. a3 Be7 7. Bxf6 gxf6 8.
Nxe4 b6 9. g3 Bb7 10. Bg2 c6 11. c4 Nd7 12. O-O O-O 13. N4c3 Qc7 14. d5 Ne5 15.
Nd4 Rad8 16. Qh5 f5 17. Rad1 cxd5 18. cxd5 Bf6 19. Rfe1 a6 20. h3 Nc4 21. Ne4
Bg7 22. Ng5 h6 23. dxe6 hxg5 24. e7 Bxg2 25. Qxg5 Rxd4 26. Rxd4 Re8 27. Kxg2
Ne5 28. Rxe5 Qxe5 29. Rd8 Qb5 30. Kg1 Kh7 31. Qh5+ Kg8 32. Qg5 Kh7 33. b4 a5
34. g4 axb4 35. Qh5+ Kg8 36. Qxf5 Qc6 37. axb4 Qc1+ 38. Kg2 Qc6+ 39. Qf3 Qa4
40. b5 1-0

[Event "82° Final Argentina Superior"]
[Site "Mendoza"]
[Date "2008.05.22"]
[Round "3"]
[White "Mahia, Gustavo"]
[Black "Flores, Diego"]
[Result "1/2-1/2"]
[WhiteElo "2433"]
[BlackElo "2548"]
[PlyCount "115"]
[EventDate "2008.05.20"]
[SourceDate "2008.05.20"]

1. e4 c5 2. Nf3 e6 3. d4 cxd4 4. Nxd4 a6 5. c4 Nf6 6. Nc3 Qc7 7. a3 b6 8. Be2
Bb7 9. f3 Be7 10. Be3 O-O 11. Rc1 Nc6 12. Nxc6 dxc6 13. c5 b5 14. O-O Rfd8 15.
Qc2 e5 16. Rfd1 Nd7 17. b4 Nf8 18. Rxd8 Rxd8 19. Rd1 Ne6 20. Rxd8+ Qxd8 21. Qd2
Qxd2 22. Bxd2 Nxc5 23. bxc5 Bxc5+ 24. Kf1 Bxa3 25. Ke1 Kf8 26. Kd1 Ke7 27. Kc2
Bd6 28. Nd1 Bc8 29. Ne3 g6 30. Ba5 Be6 31. Kc3 Kd7 32. Bd1 c5 33. Bb3 c4 34.
Bd1 Bc7 35. Kb4 Bd6+ 36. Kc3 Bc7 37. Kb4 Bxa5+ 38. Kxa5 Kc6 39. Nc2 Kc5 40. Nb4
Bc8 41. Nc2 h5 42. h4 c3 43. g4 Kc4 44. gxh5 gxh5 45. Nb4 Kd4 46. Bb3 Be6 47.
Bxe6 fxe6 48. Kxa6 Ke3 49. Kxb5 Kxf3 50. Kc4 Kg3 51. Kxc3 Kxh4 52. Kd3 Kg3 53.
Ke3 h4 54. Nd3 h3 55. Nf2 h2 56. Nh1+ Kg2 57. Ke2 Kxh1 58. Kf1 1/2-1/2

[Event "82° Final Argentina Superior"]
[Site "Mendoza"]
[Date "2008.05.22"]
[Round "3"]
[White "Peralta, Fernando"]
[Black "Real De Azua, Ernesto"]
[Result "1/2-1/2"]
[WhiteElo "2546"]
[BlackElo "2417"]
[PlyCount "41"]
[EventDate "2008.05.20"]
[SourceDate "2008.05.20"]

1. d4 d5 2. c4 c6 3. Nf3 Nf6 4. Nc3 e6 5. e3 Nbd7 6. Bd3 dxc4 7. Bxc4 b5 8. Bd3
Bb7 9. O-O b4 10. Ne4 Be7 11. Nxf6+ Nxf6 12. a3 bxa3 13. bxa3 O-O 14. Rb1 Qc8
15. e4 c5 16. e5 Nd5 17. Qc2 h6 18. dxc5 Rb8 19. Qc4 Rd8 20. Bd2 Bxc5 21. Qe4
1/2-1/2

[Event "82° Final Argentina Superior"]
[Site "Mendoza"]
[Date "2008.05.22"]
[Round "3"]
[White "Luconi, Cristian"]
[Black "Salguero, Francisco"]
[Result "0-1"]
[WhiteElo "2306"]
[BlackElo "2320"]
[PlyCount "110"]
[EventDate "2008.05.20"]
[SourceDate "2008.05.20"]

1. d4 Nf6 2. Nf3 g6 3. Bg5 Bg7 4. Nbd2 O-O 5. c3 d6 6. e4 c5 7. dxc5 dxc5 8.
Be2 Nc6 9. O-O Qc7 10. Qc2 h6 11. Be3 b6 12. h3 Nh5 13. Rfe1 Nf4 14. Bf1 Be6
15. Nc4 Rfd8 16. Rad1 g5 17. a4 Ng6 18. Rxd8+ Rxd8 19. Qc1 Nce5 20. Ncxe5 Nxe5
21. Nxe5 Bxe5 22. Rd1 Rxd1 23. Qxd1 Bh2+ 24. Kh1 Bf4 25. Bxf4 Qxf4 26. f3 Kg7
27. Bb5 h5 28. b4 Qd6 29. Qxd6 exd6 30. Kg1 Kf6 31. Kf2 Ke5 32. Ke3 h4 33. a5
bxa5 34. bxa5 f5 35. Be2 fxe4 36. fxe4 Bd7 37. Bc4 Bc6 38. Bd3 Bb7 39. Bc2 Ba6
40. Bb1 Bf1 41. Kf2 Bc4 42. Ke3 d5 43. exd5 Bxd5 44. Kf2 Kd6 45. Bc2 c4 46. g3
Be6 47. gxh4 gxh4 48. Kg2 Ke5 49. Bd1 Kf4 50. Be2 Ke3 51. Bf1 Bd5+ 52. Kg1 Kd2
53. Kf2 Kxc3 54. Ke3 Kb4 55. Kd4 c3 0-1

[Event "82° Final Argentina Superior"]
[Site "Mendoza"]
[Date "2008.05.22"]
[Round "3"]
[White "Felgaer, Ruben"]
[Black "Liascovich, Lucas"]
[Result "1/2-1/2"]
[WhiteElo "2574"]
[BlackElo "2419"]
[PlyCount "41"]
[EventDate "2008.05.20"]
[SourceDate "2008.05.20"]

1. e4 e5 2. Nf3 Nc6 3. Bb5 a6 4. Ba4 Nf6 5. O-O Be7 6. Re1 b5 7. Bb3 d6 8. c3
O-O 9. d3 Na5 10. Bc2 c5 11. Nbd2 h6 12. Nf1 Re8 13. h3 Nc6 14. d4 cxd4 15.
cxd4 d5 16. exd5 Nxd4 17. Nxd4 exd4 18. Qxd4 Qxd5 19. Be3 Bb7 20. Qxd5 Nxd5 21.
Bd4 1/2-1/2

[Event "82° Final Argentina Superior"]
[Site "Mendoza"]
[Date "2008.05.22"]
[Round "3"]
[White "Ricardi, Pablo"]
[Black "Alonso, Salvador"]
[Result "1/2-1/2"]
[WhiteElo "2515"]
[BlackElo "2420"]
[PlyCount "55"]
[EventDate "2008.05.20"]
[SourceDate "2008.05.20"]

1. c4 c6 2. e4 d5 3. exd5 cxd5 4. d4 Nf6 5. Nf3 g6 6. Nc3 Bg7 7. cxd5 O-O 8.
Bc4 Nbd7 9. O-O Nb6 10. Bb3 Nbxd5 11. Re1 Qd6 12. Bg5 Be6 13. Qd2 a6 14. h4 b5
15. h5 Nxc3 16. bxc3 Bd5 17. h6 Bh8 18. Ne5 Ne4 19. Rxe4 Bxe4 20. Qf4 Bf5 21.
Re1 Bf6 22. Nxf7 Qxf4 23. Ne5+ e6 24. Bxf4 Bxe5 25. Rxe5 Kf7 26. f3 Rfe8 27.
Re3 a5 28. a3 1/2-1/2

[Event "82° Final Argentina Superior"]
[Site "Mendoza"]
[Date "2008.05.23"]
[Round "4"]
[White "Lemos, Damian"]
[Black "Alonso, Salvador"]
[Result "1/2-1/2"]
[WhiteElo "2458"]
[BlackElo "2420"]
[PlyCount "44"]
[EventDate "2008.05.20"]
[SourceDate "2008.05.20"]

1. d4 d5 2. c4 c6 3. Nc3 Nf6 4. e3 a6 5. Qc2 Bg4 6. f3 Bc8 7. Bd3 dxc4 8. Bxc4
e6 9. Nge2 c5 10. dxc5 Bxc5 11. Bd2 O-O 12. O-O-O Nc6 13. Ne4 Nxe4 14. Qxe4 Qc7
15. Kb1 b5 16. Bb3 Bb7 17. Bc2 g6 18. Qh4 Be7 19. Qh6 Rfd8 20. Bc3 Bf8 21. Qg5
Be7 22. Qh6 Bf8 1/2-1/2

[Event "82° Final Argentina Superior"]
[Site "Mendoza"]
[Date "2008.05.23"]
[Round "4"]
[White "Liascovich, Lucas"]
[Black "Ricardi, Pablo"]
[Result "0-1"]
[WhiteElo "2419"]
[BlackElo "2515"]
[PlyCount "50"]
[EventDate "2008.05.20"]
[SourceDate "2008.05.20"]

1. d4 Nf6 2. c4 e6 3. Nc3 Bb4 4. Qc2 b6 5. a3 Bxc3+ 6. Qxc3 O-O 7. Bg5 Ba6 8.
Nf3 d6 9. g3 Nbd7 10. Bg2 Rc8 11. Nd2 d5 12. Qc2 c5 13. Qa4 Bxc4 14. Nxc4 dxc4
15. dxc5 Nxc5 16. Qxc4 h6 17. Be3 Nd5 18. Bxc5 Rxc5 19. Qb3 Qf6 20. O-O Rfc8
21. Qa4 Qxb2 22. Qxa7 Nc3 23. e3 Ne2+ 24. Kh1 Nc1 25. Bb7 Qxa1 0-1

[Event "82° Final Argentina Superior"]
[Site "Mendoza"]
[Date "2008.05.23"]
[Round "4"]
[White "Salguero, Francisco"]
[Black "Felgaer, Ruben"]
[Result "1/2-1/2"]
[WhiteElo "2320"]
[BlackElo "2574"]
[PlyCount "105"]
[EventDate "2008.05.20"]
[SourceDate "2008.05.20"]

1. Nf3 d5 2. c4 d4 3. g3 Nc6 4. Bg2 e5 5. d3 Nf6 6. O-O a5 7. e3 Be7 8. exd4
exd4 9. Na3 Nd7 10. Nb5 Nc5 11. Bf4 Ne6 12. Bc1 Nb4 13. Re1 c6 14. Na3 Nc5 15.
Ne5 O-O 16. Nc2 Bf6 17. Nxb4 axb4 18. Bd2 Qb6 19. Qh5 g6 20. Qf3 Bg7 21. Bf1
Bf5 22. g4 Be6 23. Qg3 Rae8 24. Nf3 f5 25. g5 Na4 26. b3 Nc3 27. Bf4 Rf7 28. h4
Rfe7 29. Bd6 Rd7 30. Be5 c5 31. h5 f4 32. Bxf4 Rf8 33. hxg6 hxg6 34. Nh4 Bf5
35. Nxf5 gxf5 36. Bg2 Qg6 37. Bf3 Rdd8 38. Kg2 Rfe8 39. Qh3 Rxe1 40. Rxe1 Rf8
41. Re7 Rf7 42. Re8+ Bf8 43. Qh5 Qxh5 44. Bxh5 Re7 45. Rc8 Re6 46. Rc7 Be7 47.
Kf1 b5 48. Bf3 bxc4 49. bxc4 Kf8 50. Rc8+ Kg7 51. Rc7 Kf8 52. Rc8+ Kg7 53. Rc7
1/2-1/2

[Event "82° Final Argentina Superior"]
[Site "Mendoza"]
[Date "2008.05.23"]
[Round "4"]
[White "Real De Azua, Ernesto"]
[Black "Luconi, Cristian"]
[Result "1-0"]
[WhiteElo "2417"]
[BlackElo "2306"]
[PlyCount "59"]
[EventDate "2008.05.20"]
[SourceDate "2008.05.20"]

1. e4 d5 2. exd5 Nf6 3. d4 Nxd5 4. Nf3 g6 5. c4 Nb6 6. a4 a5 7. c5 Nd5 8. Bc4
Bg7 9. Qb3 e6 10. Bg5 f6 11. Bd2 Nc6 12. Nc3 Nce7 13. O-O O-O 14. Rfe1 c6 15.
Ne4 Rb8 16. h4 h5 17. Rad1 Bd7 18. Qc2 Nf5 19. g3 Rf7 20. Nd6 Re7 21. Nxf5 gxf5
22. Kg2 Bf8 23. Ng1 Rh7 24. Ne2 b6 25. Nf4 Kf7 26. Bc1 Bh6 27. Bxd5 cxd5 28. c6
Rc8 29. Qe2 Bxf4 30. cxd7 1-0

[Event "82° Final Argentina Superior"]
[Site "Mendoza"]
[Date "2008.05.23"]
[Round "4"]
[White "Flores, Diego"]
[Black "Peralta, Fernando"]
[Result "1-0"]
[WhiteElo "2548"]
[BlackElo "2546"]
[PlyCount "55"]
[EventDate "2008.05.20"]
[SourceDate "2008.05.20"]

1. c4 c6 2. Nf3 d5 3. e3 Bg4 4. Qb3 Qc7 5. Ne5 Be6 6. d4 Nd7 7. Nc3 dxc4 8.
Bxc4 Bxc4 9. Nxc4 Ngf6 10. e4 b5 11. Ne3 b4 12. Qxb4 e5 13. Qa4 exd4 14. Qxd4
Rd8 15. Nf5 g6 16. Bg5 Bc5 17. Qc4 gxf5 18. O-O-O Be7 19. exf5 O-O 20. Qh4 Kh8
21. Rhe1 Rfe8 22. Rd3 Bf8 23. Rxe8 Rxe8 24. Bxf6+ Nxf6 25. Qxf6+ Bg7 26. Qh4
Bxc3 27. bxc3 Qe5 28. Re3 1-0

[Event "82° Final Argentina Superior"]
[Site "Mendoza"]
[Date "2008.05.23"]
[Round "4"]
[White "Valerga, Diego"]
[Black "Mahia, Gustavo"]
[Result "1-0"]
[WhiteElo "2482"]
[BlackElo "2433"]
[PlyCount "131"]
[EventDate "2008.05.20"]
[SourceDate "2008.05.20"]

1. e4 e5 2. Nf3 Nc6 3. Bb5 Nf6 4. O-O Nxe4 5. d4 Nd6 6. Bxc6 dxc6 7. dxe5 Nf5
8. Qxd8+ Kxd8 9. Nc3 Bd7 10. h3 Kc8 11. g4 Ne7 12. Ng5 Be8 13. f4 h5 14. Kg2
Nd5 15. Nxd5 cxd5 16. f5 f6 17. exf6 gxf6 18. Ne6 Bd6 19. Bf4 hxg4 20. hxg4
Bxf4 21. Nxf4 Bf7 22. Ng6 Re8 23. Rh1 Bxg6 24. fxg6 Kd7 25. Rh7+ Re7 26. Kf3
Rg8 27. Re1 Rxh7 28. gxh7 Rh8 29. Rh1 Ke6 30. Kf4 c6 31. b4 d4 32. a4 b6 33.
Rh6 Kf7 34. Kf5 Kg7 35. Rxf6 Rc8 36. Rd6 Kxh7 37. Rxd4 Rf8+ 38. Ke6 Kg6 39. Kd7
c5 40. bxc5 bxc5 41. Rc4 Rf6 42. Kc7 Ra6 43. Kb7 Ra5 44. Kc6 Kf6 45. c3 Kg6 46.
Kb7 Kg5 47. Re4 Kf6 48. Kc6 Kg5 49. Kd6 Kg6 50. Rc4 Kf6 51. Rxc5 Rxa4 52. c4 a5
53. Rc8 Ra1 54. c5 a4 55. c6 Rd1+ 56. Kc7 a3 57. Ra8 Ra1 58. Rf8+ Kg7 59. Rf3
a2 60. Rf2 Kg6 61. Rd2 Kg5 62. Kd7 Kxg4 63. c7 Rc1 64. Rxa2 Rd1+ 65. Kc8 Kf5
66. Rb2 1-0

[Event "82° Final Argentina Superior"]
[Site "Mendoza"]
[Date "2008.05.24"]
[Round "5"]
[White "Mahia, Gustavo"]
[Black "Lemos, Damian"]
[Result "1/2-1/2"]
[WhiteElo "2433"]
[BlackElo "2458"]
[PlyCount "154"]
[EventDate "2008.05.20"]
[SourceDate "2008.05.20"]

1. e4 e6 2. d4 d5 3. Nc3 Nf6 4. Bg5 Bb4 5. e5 h6 6. Bd2 Bxc3 7. bxc3 Ne4 8. Qg4
g6 9. h4 c5 10. Bd3 Nxd2 11. Kxd2 Bd7 12. Rh3 Nc6 13. Rb1 cxd4 14. cxd4 Qa5+
15. Ke3 O-O-O 16. Ne2 f5 17. Qxg6 Nxe5 18. dxe5 d4+ 19. Nxd4 Qxe5+ 20. Kd2 Qxd4
21. Re3 Rdg8 22. Qf7 Rg7 23. Qh5 Rxg2 24. Qe2 Qxh4 25. Rf1 Rd8 26. Kc1 Qd4 27.
Kb1 Qb4+ 28. Kc1 Rg4 29. Rh1 Rdg8 30. Qe1 Qd4 31. c3 Qd5 32. Kb2 R8g6 33. Bc2
Rf4 34. Bb3 Qd6 35. Rh2 Rfg4 36. Rhh3 Rg2 37. Rd3 Qb6 38. Rd2 Bb5 39. Rh4 R2g4
40. Qe5 Bd7 41. Rxg4 Rxg4 42. Qh8+ Qd8 43. Qe5 Qe7 44. Qh8+ Be8 45. Qxh6 Re4
46. Qh8 Kc7 47. f3 Re1 48. Qh2+ e5 49. Qf2 Rh1 50. Qxa7 Rh6 51. Qa5+ Kc8 52.
Re2 Bc6 53. Qxe5 Qxe5 54. Rxe5 Bxf3 55. Rxf5 Rh2+ 56. Ka3 Bc6 57. Rf7 Kb8 58.
Be6 Re2 59. Bb3 Re3 60. Kb4 Ka7 61. a4 Re4+ 62. c4 Re5 63. a5 Ka6 64. Rf8 Re8
65. Rxe8 Bxe8 66. c5 Ka7 67. Bc4 Bc6 68. Bb5 Bf3 69. Kc3 Kb8 70. Kd4 Kc7 71.
Ke5 Bg2 72. Kd4 Bf3 73. Be8 Kb8 74. Bf7 Ka7 75. Bd5 Bxd5 76. Kxd5 Ka6 77. c6
bxc6+ 1/2-1/2

[Event "82° Final Argentina Superior"]
[Site "Mendoza"]
[Date "2008.05.24"]
[Round "5"]
[White "Peralta, Fernando"]
[Black "Valerga, Diego"]
[Result "1-0"]
[WhiteElo "2546"]
[BlackElo "2482"]
[PlyCount "71"]
[EventDate "2008.05.20"]
[SourceDate "2008.05.20"]

1. d4 Nf6 2. c4 g6 3. Nc3 d5 4. cxd5 Nxd5 5. e4 Nxc3 6. bxc3 Bg7 7. Bc4 c5 8.
Ne2 O-O 9. O-O Nc6 10. Be3 Bd7 11. Rb1 Qc7 12. Bf4 Qc8 13. d5 Na5 14. Bd3 e5
15. Bg5 h6 16. Bd2 c4 17. Bc2 b6 18. Kh1 Qc5 19. Be3 Qa3 20. Qd2 Kh7 21. f4
exf4 22. Bxf4 Rae8 23. Nd4 Ba4 24. Bxa4 Qxa4 25. Bd6 Nb7 26. Bxf8 Rxf8 27. Nc6
Nc5 28. e5 Nd3 29. Qe3 Qxa2 30. Ra1 Qb2 31. Rxa7 Qb5 32. Qf3 Nxe5 33. Nxe5 Bxe5
34. Rxf7+ Rxf7 35. Qxf7+ Bg7 36. d6 1-0

[Event "82° Final Argentina Superior"]
[Site "Mendoza"]
[Date "2008.05.24"]
[Round "5"]
[White "Luconi, Cristian"]
[Black "Flores, Diego"]
[Result "0-1"]
[WhiteElo "2306"]
[BlackElo "2548"]
[PlyCount "42"]
[EventDate "2008.05.20"]
[SourceDate "2008.05.20"]

1. d4 g6 2. Nf3 Bg7 3. c3 f5 4. Qc2 Nf6 5. Bg5 O-O 6. Nbd2 d5 7. Bxf6 Bxf6 8.
Ne5 c5 9. e3 Bxe5 10. dxe5 f4 11. e4 d4 12. Bc4+ Kg7 13. Nb3 Nc6 14. Rd1 f3 15.
g3 Qb6 16. O-O Bh3 17. Rfe1 Rac8 18. cxd4 cxd4 19. Qd2 Nxe5 20. Bf1 Bxf1 21.
Rxf1 Qe6 0-1